书目信息 |
| 题名: |
UG NX12.0零基础编程实例教程
|
|
| 作者: | 林盛 , 胡登洲 编著 | |
| 分册: | ||
| 出版信息: | 北京 机械工业出版社 2022.08 |
|
| 页数: | 211页 | |
| 开本: | 26cm | |
| 丛书名: | ||
| 单 册: | ||
| 中图分类: | TG659.02 | |
| 科图分类: | ||
| 主题词: | 数控机床--shu kong ji chuang--加工--计算机辅助设计--应用软件--教材 | |
| 电子资源: | ||
| ISBN: | 978-7-111-68670-5 | |
| 000 | 01472nam0 2200277 450 | |
| 001 | 011025150611 | |
| 005 | 20221025150611.0 | |
| 010 | @a978-7-111-68670-5@dCNY49.90 | |
| 099 | @aCAL 012021120710 | |
| 100 | @a20201004d2022 em y0chiy50 ea | |
| 101 | 0 | @achi |
| 102 | @aCN@b110000 | |
| 105 | @aa a 000yy | |
| 106 | @ar | |
| 200 | 1 | @aUG NX12.0零基础编程实例教程@AUG NX12.0ling ji chu bian cheng shi li jiao cheng@f林盛, 胡登洲编著 |
| 210 | @a北京@c机械工业出版社@d2022.08 | |
| 215 | @a211页@c图@d26cm | |
| 320 | @a有书目 | |
| 330 | @a本书以UGNX12.0软件介绍数控加工的自动编程技术,涉及数控加工中心和数控车床的编程基础知识和典型加工案例讲解,以观看微视频回答问题“看我作”+书面作引导“跟我作”相结合,读者扫描书中二维码,观看老师的作演示和讲解,同时回答相关问题,获取知识点;之后再通过书面上的作引导进行作练习。全书以“完整实例”作为学习主线,让新手学员在完成一个一个的实例的过程中获得学习成就感,提升学习兴趣。而为了让读者能够充分了解软件参数,以便灵活运用、举一反三,在实例作之后附加有“拓展练习”作为学习支线,针对“软件参数”进行详细讲解。本教程在目录上已经列出了章节相关的知识点,学员可以通过知识点来快速找到自己想要学习的内容。 | |
| 333 | @a数控加工中心和数控车床的编程领域相关人员及学习人员 | |
| 606 | 0 | @a数控机床@Ashu kong ji chuang@x加工@x计算机辅助设计@x应用软件@j教材 |
| 690 | @aTG659.02@v5 | |
| 701 | 0 | @a林盛@Alin sheng@4编著 |
| 701 | 0 | @a胡登洲@Ahu deng zhou@4编著 |
| 801 | 0 | @aCN@c20221025 |
| 905 | @a河南城建学院图书馆@dTG659.02@eL512 | |
| UG NX12.0零基础编程实例教程/林盛, 胡登洲编著.-北京:机械工业出版社,2022.08 |
| 211页:图;26cm |
| 使用对象:数控加工中心和数控车床的编程领域相关人员及学习人员 |
| ISBN 978-7-111-68670-5:CNY49.90 |
| 本书以UGNX12.0软件介绍数控加工的自动编程技术,涉及数控加工中心和数控车床的编程基础知识和典型加工案例讲解,以观看微视频回答问题“看我作”+书面作引导“跟我作”相结合,读者扫描书中二维码,观看老师的作演示和讲解,同时回答相关问题,获取知识点;之后再通过书面上的作引导进行作练习。全书以“完整实例”作为学习主线,让新手学员在完成一个一个的实例的过程中获得学习成就感,提升学习兴趣。而为了让读者能够充分了解软件参数,以便灵活运用、举一反三,在实例作之后附加有“拓展练习”作为学习支线,针对“软件参数”进行详细讲解。本教程在目录上已经列出了章节相关的知识点,学员可以通过知识点来快速找到自己想要学习的内容。 |
| ● |
| 相关链接 |
|
|
|
正题名:UG NX12.0零基础编程实例教程
索取号:TG659.02/L512
 
预约/预借
| 序号 | 登录号 | 条形码 | 馆藏地/架位号 | 状态 | 备注 |
| 1 | 1584732 | 215847323 | 自科库501/501自科库 29排1列3层/ [索取号:TG659.02/L512] | 在馆 | |
| 2 | 1584733 | 215847332 | 自科库501/501自科库 29排1列3层/ [索取号:TG659.02/L512] | 在馆 |